000 01323nam a2200325 i 4500
003 EG-GICUC
005 20260416083753.0
008 260219s20061427ua da||fr|||| 00| 0 ara d
040 _a EG-GICUC
_bara
_c EG-GICUC
_d EG-GICUC
_erda
041 _aara
082 0 4 _221
_a343.432
_bع ا . ح
092 0 4 _221
099 _aLaw1 10 343.432 ع ا . ح 1 ed - 2006
100 0 _aعامر بن ناصر المطير
_eمؤلف.
245 1 0 _aحوادث المرور في الوطن العربي :
_bحجمها وتقدير نكاليفها الاقتصادية /
_cتأليف أ.د. عامر بن ناصر المطير.
250 _aالطبعة الأولى،
_bه1427 - 2006م .
264 1 _aالرياض :
_bجامعة نايف العربية للعلوم الأمنية،
_c2006.
300 _a207 صفحة ;
_c24 سم.
336 _2rda content
_atext
337 _2rda media
_aComputer
338 _2rda carrier
_aOnline Resource
504 _aيشتمل على إرجاعات ببليوجرافية.
546 _aالنص باللغة العربية
650 1 _aالقانون الجنائي
650 1 _aالتشريع الخاص بالمرور
650 1 _aحوادث المرور
856 4 0 _uhttps://fll.law.cu.edu.eg/fulltext/bks/B10-08492.pdf
905 _a43
_eYara
942 _2ddc
_n0
_cBK
_e21
999 _c63808
_d63808